• 首页
  • 本馆介绍
  • 公告通知
  • 最新文献
  • 馆藏检索
  • 电子资源
  • 读者导购
  • 参考咨询
  • 我的图书馆
  • 登录
  • 详细信息显示
  • 放入我的书架
  • 预约/预借图书
  • 作者相关作品
  • 分类相关作品
  • 丛书相关作品
  • 出版社相关作品

书目信息

  • 表格格式
  • 工作单格式
  • 卡片格式
题名:
共青团员必读
    
 
作者: ;共青团湖北省委 编
分册:  
出版信息: 武汉   湖北人民出版社  1984
页数: 127页
开本: 19cm
丛书名:
单 册:
中图分类: D296.3 , D291.9
科图分类:
主题词: 共青团员--标准--中国 , 中国共产党
电子资源:
ISBN:
000 00717nam0 2200265 45
001 0184010032
005 20040424090348.8
010    @dCNY0.38
091    @a3106.678
100    @a19950605d1984 em y0chiy0121 ea
101 0  @achi
102    @aCN@b420000
105    @ay z 000yy
106    @ar
200 10 @a共青团员必读@Agong qing tuan yuan bi du@f共青团湖北省委编
210    @a武汉@c湖北人民出版社@d1984
215    @a127页@d19cm
606    @a共青团员@x标准@y中国
606 0  @a中国共产党
690    @aD296.3@v3
690    @aD291.9
711 02 @a共青团湖北省委@Agong qing tuan hu bei sheng wei@4编
801  0 @aCN@b上海图书馆@c20040424
801  2 @aCN@bNLC@c20040424
905    @f2@b111293-294@dD291.9@e6
    
    共青团员必读/共青团湖北省委编.-武汉:湖北人民出版社,1984
    127页;19cm
    
    
    ISBN :CNY0.38
    
●
相关链接 在E读中查询图书 在五车中查询图书 在当当中查询图书 在豆瓣中查询图书


正题名:共青团员必读     索取号:D291.9/6         预约/预借

序号 登录号 条形码 馆藏地/架位号 状态 备注
1 0111286   001525932   密集书库/ [索取号:D291.9/6] 在馆    
2 0111287   001525941   密集书库/ [索取号:D291.9/6] 在馆    
3 0111288   001525996   密集书库/ [索取号:D291.9/6] 在馆    
4 0111289   001525950   密集书库/ [索取号:D291.9/6] 在馆    
5 0111290   001526049   密集书库/ [索取号:D291.9/6] 在馆    
6 0111291   001526003   密集书库/ [索取号:D291.9/6] 在馆    
7 0111292   001525969   密集书库/ [索取号:D291.9/6] 在馆    
8 0111293   000383089   第一借阅区/ [索取号:D291.9/6] 在馆    
9 0111294   000381081   第一样本阅览室/ [索取号:D291.9/6] 在馆    
10 0111295   001525987   密集书库/ [索取号:D291.9/6] 在馆    
唐山师范学院图书馆 欢迎您!
大连网信软件有限公司© 版权所有